Statistiche per Segni zodiacali dal simbolo

Clicka qui per fare il quiz!

Statistiche generali

  • Questo quiz è stato fatto 195 volte
  • Il punteggio medio è 10 su 12

Statistiche sulle risposte

Risposta% Corretto
Ariete
91%
Aquario
89%
Toro
89%
Bilancia
87%
Gemelli
86%
Pesci
85%
Sagittario
85%
Vergine
82%
Leone
80%
Scorpione
80%
Cancro
78%
Capricorno
75%

Distribuzione punteggi

Percentile per numero di risposta

Percentuale di utenti per punteggio

I tuoi punteggi nel tempo

Non hai fatto questo quiz